Highest Grossing Actors - Statistics

General Stats
  • This quiz has been taken 81 times
  • The average score is 15 of 20
Answer Stats
Rank Total Movie Answer % Correct
3 $14.3 billion Iron Man (2008) Robert Downey, Jr.
96%
7 $12 billion Mission: Impossible (1996) Tom Cruise
96%
1 $14.6 billion Pulp Fiction (1994) Samuel L. Jackson
94%
11 $10.8 billion Forrest Gump (1994) Tom Hanks
94%
18 $9 billion Men in Black (1997) Will Smith
94%
8 $12 billion Thor (2011) Chris Hemsworth
93%
10 $11.2 billion Captain America: The First Avenger (2011) Chris Evans
86%
13 $10.2 billion Jumanji: Welcome to the Jungle (2017) Dwayne Johnson
86%
2 $14.5 billion Black Widow (2021) Scarlett Johansson
86%
6 $12 billion The Fast and the Furious (2001) Vin Diesel
86%
12 $10.3 billion Edward Scissorhands (1990) Johnny Depp
85%
5 $14.1 billion Guardians of the Galaxy (2014) Chris Pratt
81%
4 $14.2 billion Avatar (2009) Zoe Saldana
71%
16 $9.2 billion Harry Potter and the Sorcerer's Stone (2001) Emma Watson
67%
9 $11.4 billion Guardians of the Galaxy (2014) Bradley Cooper
61%
15 $9.7 billion The Avengers (2012) Mark Ruffalo
50%
14 $9.9 billion Captain America: Civil War (2016) Tom Holland
49%
19 $8.8 billion Guardians of the Galaxy (2014) Dave Bautista
47%
17 $9 billion Iron Man 2 (2010) Don Cheadle
42%
20 $8.8 billion Thor (2011) Jeremy Renner
40%
No matching quizzes found
Score Distribution
Percent of People with Each Score
Percentile by Number Answered
Your Score History
You have not taken this quiz